Autorská výstava v Brezne

Bibliographic Details
Main Author: Hricek, Jozef, 1935- (Author)
Format: Article
Language:Slovak
PhysicalDescription:Obr. 4.
Subjects:

MARC

LEADER 00000nab a2200000 a 4500
001 vtls000209756
003 SK-MaSNL
005 20260303232801.0
008 111130c1985 xo 0 slo
015 |a SNBRB19rr/mm-uuuuu 
035 |a CL0219869 
040 |a SNKBUCL  |b slo  |c SNKBUCL  |e AACR2 
041 0 |a slo 
044 |a xo  |c SK 
080 |a 75.077:061.4  |2 1981 
080 |a 061.4  |2 1981 
080 |a 76.077  |2 1981 
100 1 |a Hricek, Jozef,  |d 1935-  |4 aut  |9 38730 
245 1 0 |a Autorská výstava v Brezne  |c Jozef Hricek 
300 |b Obr. 4. 
650 0 7 |a maliarstvo amatérske  |2 snkbucl  |9 886049 
650 0 7 |a grafika amatérska  |2 snkbucl  |9 1010283 
651 7 |a 5301  |2 snkbucl  |9 893756 
655 7 |a články z novín a časopisov  |2 snkbucl  |9 267496 
773 0 |t Výtvarníctvo fotografia film  |g Roč. 23, č. 4 (1985), s. 8-9 
850 |a Slovenská národná knižnica v Martine  |a MTA001 
852 |a SNK  |b KIS3GCP 
958 |a RK 
992 |a RBX 
999 |c 2273721  |d 2275651